000 00669nam a22002417a 4500
003 OSt
005 20220924113709.0
006 a|||||r|||| 00| 0
007 ta
008 220923b |||||||| |||| 00| 0 pan d
024 _a12024
037 _cGeneral Books
040 _aARTS
_cARTS
_bpan
041 _2pun
_apun
082 _aO153,2NRAx, L6
100 _aਰੈਣਾ, ਭੁਪਿੰਦਰ
245 0 _aਨਿਰਧਨ ਕੋ ਪਾਲੈ
260 _c1976
300 _ap.
650 _aਪੰਜਾਬੀ ਸਾਹਿਤ
942 _hO153,2NRAx, L6
_cGB
_2CC
999 _c390505
_d390505